Hypotekárne bankovníctvo v Nemecku po prijatí novej legislatívy

Princípy nemeckého hypotekárneho bankovníctva platné do roku 2005, do prijatia nového zákona o záložných listoch. Zákon o hypotekárnych záložných listoch z 15.7.2005. Systém záložných listov v nemeckom hypotekárnom bankovníctve. Charakteristika hypotekárnych a komunálnych úverov v Nemecku. Hypotekár...

Descrizione completa

Salvato in:
Dettagli Bibliografici
Autore principale: Horvátová, Eva, 1958-
Natura: Capitolo di libro
Lingua:slovacco
Soggetti:
Tags: Aggiungi Tag
Nessun Tag, puoi essere il primo ad aggiungerne!!

MARC

LEADER 00000naa$a2200000$$$4500
001 0070758
005 20240502071839.9
041 0 |a slo 
044 |a SK 
245 1 0 |a Hypotekárne bankovníctvo v Nemecku po prijatí novej legislatívy  |c Eva Horvátová 
520 |a Princípy nemeckého hypotekárneho bankovníctva platné do roku 2005, do prijatia nového zákona o záložných listoch. Zákon o hypotekárnych záložných listoch z 15.7.2005. Systém záložných listov v nemeckom hypotekárnom bankovníctve. Charakteristika hypotekárnych a komunálnych úverov v Nemecku. Hypotekárna krivka. 
610 2 0 |a bankovníctvo hypotekárne 
610 2 0 |a úver hypotekárny 
610 2 0 |a listy záložné 
610 2 0 |a investovanie 
610 2 0 |a trh finančný 
610 2 0 |a legislatíva 
610 2 0 |a Nemecko 
100 1 |a Horvátová, Eva, 1958-